000 00920nas a2200277 4500
001 BR9211943
003 BR-BrBNA
005 20231205093544.0
007 ta
008 230509b bl.|||p| |||| 00| 00por d
040 _aBR-BrBNA
_bpor
_cBiblioteca Nacional de Agricultura
041 _a(En)
072 _aP33
100 1 _aVieira, S.R.
100 1 _aCastro, O.M. de
100 1 _aTopp, G.C.
245 1 _aSpatial variability of some soil physical properties in three soils of Sao Paulo, Brazil
246 1 _aSpatial variability of some soil physical properties in three soils of Sao Paulo, Brazil
650 _aAGUA DO SOLO
650 _aPERMEABILIDADE
650 _aCONDUTIVIDADE HIDRAULICA
650 _aSAO PAULO
773 0 _tPesquisa Agropecuaria Brasileira (Brazil)
_xISSN 0100-204X
_g(Feb 1992), v. 27(2) p. 333-341
_wBR9211943
909 _a202311
_bLúcia
_c55
_dLúcia Elande
942 _2AGRIS
_n0
_cANA
999 _c139136
_d139136